LEADER 01170nlm0 22003251i 450 001 990009880590403321 005 20140709152622.0 010 $a9780851990774 035 $a000988059 035 $aFED01000988059 035 $a(Aleph)000988059FED01 035 $a000988059 100 $a20140709d2006----km-y0itay0103----ba 101 0 $aeng 135 $adrnn-008mamaa 200 1 $a<>economics of livestock disease insurance$bRisorsa elettronica$econcepts, issues and international case studies$fedited by S. R. Koontz ... [et al.] 210 $aOxfordshire$cCABI Pub.$cOvid [distributor]$d2006 230 $aDocumento elettronico 336 $aTesto 337 $aFormato pdf 676 $a368.56 702 1$aKoontz,$bStephen R. 801 3$aIT$bUNINA$gREICAT$2UNIMARC 856 4 $zFull text per gli utenti Federico II$uhttp://ovidsp.ovid.com/ovidweb.cgi?T=JS&PAGE=booktext&NEWS=N&DF=bookdb&AN=01434552/1st_Edition&XPATH=/PG(0) 901 $aEB 912 $a990009880590403321 961 $aLivestock insurance$aCase studies 961 $aLivestock$aDiseases$aCase studies 996 $aEconomics of livestock disease insurance$9829905 997 $aUNINA LEADER 04167nam 22009855 450 001 9910781728103321 005 20220906214743.0 010 $a1-283-29192-4 010 $a9786613291929 010 $a0-520-95069-0 024 7 $a10.1525/9780520950696 035 $a(CKB)2550000000050046 035 $a(EBL)784539 035 $a(OCoLC)756484690 035 $a(SSID)ssj0000634440 035 $a(PQKBManifestationID)12257483 035 $a(PQKBTitleCode)TC0000634440 035 $a(PQKBWorkID)10643202 035 $a(PQKB)10426217 035 $a(DE-B1597)520381 035 $a(OCoLC)1110715668 035 $a(DE-B1597)9780520950696 035 $a(MiAaPQ)EBC784539 035 $a(PPN)232037523 035 $a(EXLCZ)992550000000050046 100 $a20200424h20112011 fg 0 101 0 $aeng 135 $aurun#---|u||u 181 $ctxt 182 $cc 183 $acr 200 10$aDude, you're a fag$b[electronic resource] $emasculinity and sexuality in high school, with a new preface /$fC. J. Pascoe 205 $a2nd ed. 210 1$aBerkeley, CA :$cUniversity of California Press,$d[2011] 210 4$d©2011 215 $a1 online resource (248 p.) 300 $aDescription based upon print version of record. 311 0 $a0-520-27148-3 327 $tFront matter --$tCONTENTS --$tPREFACE TO THE 2012 EDITION --$tACKNOWLEDGMENTS --$tChapter One. Making Masculinity. Adolescence, Identity, and High School --$tChapter Two. Becoming Mr. Cougar. Institutionalizing Heterosexuality and Masculinity at River High --$tChapter Three. Dude, You're a Fag. Adolescent Male Homophobia --$tChapter Four. Compulsive Heterosexuality. Masculinity and Dominance --$tChapter Five. Look at My Masculinity! Girls Who Act Like Boys --$tChapter Six. Conclusion. Thinking about Schooling, Gender, and Sexuality --$tAppendix. WHAT IF A GUY HITS ON YOU? Intersections of Gender, Sexuality, and Age in Fieldwork with Adolescents --$tNOTES --$tREFERENCES --$tINDEX 330 $aHigh school and the difficult terrain of sexuality and gender identity are brilliantly explored in this smart, incisive ethnography. Based on eighteen months of fieldwork in a racially diverse working-class high school, Dude, You're a Fag sheds new light on masculinity both as a field of meaning and as a set of social practices. C. J. Pascoe's unorthodox approach analyzes masculinity as not only a gendered process but also a sexual one. She demonstrates how the "specter of the fag" becomes a disciplinary mechanism for regulating heterosexual as well as homosexual boys and how the "fag discourse" is as much tied to gender as it is to sexuality. 606 $aGender identity 606 $aHeterosexuality 606 $aHigh school students 606 $aIdentity (Psychology) in adolescence 606 $aMasculinity 606 $aMasculinity 606 $aGender Identity 606 $aSexuality 606 $aSocialization 606 $aTeenage boys$gCalifornia$gSocial conditions 610 $abiography. 610 $acloseted men. 610 $aethnography. 610 $afag discourse. 610 $agay memoir. 610 $agender and women studies. 610 $agender identity. 610 $aheterosexuality. 610 $ahomophobia. 610 $ahomosexuality. 610 $algbt studies. 610 $amemoir. 610 $asexuality. 610 $asocial practice. 610 $aspecter of the fag. 610 $atoxic masculinity. 610 $awork-class high school. 615 0$aGender identity. 615 0$aHeterosexuality 615 0$aHigh school students. 615 0$aIdentity (Psychology) in adolescence. 615 0$aMasculinity. 615 2$aMasculinity. 615 2$aGender Identity. 615 2$aSexuality. 615 0$aSocialization. 615 0$aTeenage boys 676 $a306.76/40835109794 700 $aPascoe$b C. J.$4aut$4http://id.loc.gov/vocabulary/relators/aut$01553552 801 0$bDE-B1597 801 1$bDE-B1597 906 $aBOOK 912 $a9910781728103321 996 $aDude, you're a fag$93814200 997 $aUNINA LEADER 01500nas 2200481-a 450 001 996203650903316 005 20240413012234.0 011 $a1801-7576 035 $a(CKB)954925374826 035 $a(CONSER)sn-86000769- 035 $a(DE-599)ZDB2106644-9 035 $a(EXLCZ)99954925374826 100 $a20791214a19699999 --- a 101 0 $aeng 135 $aur|nu|||||||| 181 $ctxt$2rdacontent 182 $cc$2rdamedia 183 $acr$2rdacarrier 200 10$aActa veterinaria Brno 210 $aBrno, Czechoslovakia $cUniversity of Veterinary Science 215 $a1 online resource 300 $aRefereed/Peer-reviewed 311 $aPrint version: Acta veterinaria (Brno, Czech Republic) (DLC)sn 86000769 (OCoLC)5796828 0001-7213 517 1 $aActa veterinaria 517 1 $aActa veterinaria Brunensis 531 $aACTA VET BRNO 531 $aACT VET B 531 $aACTA VETERINARIA BRNO 531 $aACTA VET. BRNO 531 0 $aActa vet. Brno 606 $aVeterinary medicine$vPeriodicals 606 $aVeterinary Medicine$3https://id.nlm.nih.gov/mesh/D014730 608 $aPeriodical. 615 0$aVeterinary medicine 615 2$aVeterinary Medicine. 676 $a636.089 712 02$aVysoká ?kola veterinární v Brn?. 712 02$aVeterinární a farmaceutická univerzita Brno. 906 $aJOURNAL 912 $a996203650903316 920 $aexl_impl conversion 996 $aActa veterinaria Brno$92024786 997 $aUNISA LEADER 01663nam0 2200409 i 450 001 RMG0268915 005 20251003044339.0 010 $a9788846728111 020 $aIT$b2011-1491 100 $a20120906d2010 ||||0itac50 ba 101 | $aita 102 $ait 181 1$6z01$ai $bxxxe 182 1$6z01$an 200 1 $aFinanza derivata, mercati e investitori$fa cura di Fulvio Cortese, Filippo Sartori 210 $aPisa$cETS$d2010$hstampa 2011 215 $a302 p.$d23 cm. 225 | $aJura$i. Studi$i. Discipline civilistiche 410 0$1001CFI0744640$12001 $aJura$i. Studi$i. Discipline civilistiche 606 $aDerivati $xLegislazione$2FIR$3BVEC241134$9I 606 $aContratti a termine$2FIR$3CFIC075501$9I 676 $a346.450926$9$v21 696 $aStrumenti finanziari derivati$aProdotti derivati 696 $aContratti di cambio a termine 699 $aDerivati $yStrumenti finanziari derivati 699 $aDerivati $yProdotti derivati 699 $aContratti a termine$yContratti di cambio a termine 702 1$aSartori$b, Filippo$3PUVV341405 702 1$aCortese$b, Fulvio$3TSAV348394 801 3$aIT$bIT-000000$c20120906 850 $aIT-BN0095 901 $bNAP 01$cD $n$ 912 $aRMG0268915 950 0$aBiblioteca Centralizzata di Ateneo$d 01D (S) 000 250$e 01S 0009002505 VMA 1 v.$fY $h20120906$i20120906 977 $a 01 996 $aFinanza derivata, mercati e investitori$966546 997 $aUNISANNIO LEADER 01485oas 2200589 c 450 001 9910439053703321 005 20260218110041.0 011 $a2624-6511 024 7 $a10.3390/smartcities 035 $a(OCoLC)1113099223 035 $a(CONSER) 2021239220 035 $a(CKB)4100000005044609 035 $a(DE-599)ZDB3038911-2 035 $a(DE-599)3038911-2 035 $a(EXLCZ)994100000005044609 100 $a20181121a20189999 oy 101 0 $aeng 135 $aur||||||||||| 181 $ctxt$2rdacontent 182 $cc$2rdamedia 183 $acr$2rdacarrier 200 00$aSmart cities 210 1$aBasel, Switzerland$cMDPI$d2018- 215 $a1 online resource 300 $aRefereed/Peer-reviewed 531 1 $aSmart cities 606 $aSmart cities$vPeriodicals 606 $aVilles intelligentes$vPe?riodiques 606 $aCiudades inteligentes$2abne 606 $aSmart cities$2fast$3(OCoLC)fst02002352 608 $aRevistas$2abne 608 $aPeriodicals$2fast 615 0$aSmart cities 615 6$aVilles intelligentes 615 7$aCiudades inteligentes 615 7$aSmart cities 676 $a710 801 0$bADU 801 1$bADU 801 2$bOCLCO 801 2$bOCLCQ 801 2$bLIP 801 2$bLHT 801 2$bCUV 801 2$bOCLCO 801 2$bU3W 801 2$bOCLCL 801 2$bOCLCQ 906 $aJOURNAL 912 $a9910439053703321 996 $aSmart Cities$93584983 997 $aUNINA